Bewegungsübungen für rheumakranke (Record no. 7718)

MARC details
000 -CABECERA
campo de control de longitud fija 00814nam a2200265 a 4500
001 - NÚMERO DE CONTROL
campo de control BRCA_8050
005 - FECHA Y HORA DE LA ÚLTIMA TRANSACCIÓN
campo de control 20190320210118.0
008 - DATOS DE LONGITUD FIJA--INFORMACIÓN GENERAL
campo de control de longitud fija 280314s1960----sz-a###f##---#000-0#ger-#
041 ## - CÓDIGO DE LENGUA
Código de lengua del texto/banda sonora o título independiente ger
044 ## - CÓDIGO DEL PAÍS DE LA ENTIDAD EDITORA/PRODUCTORA
Código MARC del país sz
050 #4 - SIGNATURA TOPOGRÁFICA DE LA BIBLIOTECA DEL CONGRESO
Número de clasificación RA774
Número de documento/Ítem .R44 1960
245 10 - MENCIÓN DE TÍTULO
Título Bewegungsübungen für rheumakranke
Mención de responsabilidad, etc. vorbemerkung der bearbeiter N. Fellmann & Bonrath.
250 ## - MENCIÓN DE EDICIÓN
Mención de edición 4a. ed.
260 ## - PUBLICACIÓN, DISTRIBUCIÓN, ETC.
Lugar de publicación, distribución, etc. Suiza
Nombre del editor, distribuidor, etc. SEWO-Zeichen
Fecha de publicación, distribución, etc. [1960]
300 ## - DESCRIPCIÓN FÍSICA
Extensión 48 p.
Otras características físicas il.
Dimensiones 21 cm.
500 ## - NOTA GENERAL
Nota general Folletos inventariados como libro por el Banco de México
500 ## - NOTA GENERAL
Nota general Y44
610 24 - PUNTO DE ACCESO ADICIONAL DE MATERIA--NOMBRE DE ENTIDAD CORPORATIVA
Nombre de entidad corporativa o nombre de jurisdicción como elemento de entrada Schweizerische Rheumaliga
9 (RLIN) 20003
650 14 - PUNTO DE ACCESO ADICIONAL DE MATERIA--TÉRMINO DE MATERIA
Término de materia o nombre geográfico como elemento de entrada Ejercicio preventivos
Subdivisión de forma Reumatismo
Subdivisión geográfica Suiza
9 (RLIN) 20004
650 14 - PUNTO DE ACCESO ADICIONAL DE MATERIA--TÉRMINO DE MATERIA
Término de materia o nombre geográfico como elemento de entrada Reumatismo
Subdivisión de forma Prevención
Subdivisión geográfica Suiza
9 (RLIN) 20005
700 1# - PUNTO DE ACCESO ADICIONAL--NOMBRE DE PERSONA
Nombre de persona Fellmann, N.
9 (RLIN) 20006
700 1# - PUNTO DE ACCESO ADICIONAL--NOMBRE DE PERSONA
Nombre de persona Bonrath, Erika
9 (RLIN) 20007
902 ## - CATALOGADOR
Iniciales GFM
942 ## - ELEMENTOS DE PUNTO DE ACCESO ADICIONAL (KOHA)
Fuente del sistema de clasificación o colocación Library of Congress Classification
Tipo de ítem Koha Libros
Holdings
Estado de retiro Estado de pérdida Estado dañado No para préstamo Localización permanente Ubicación/localización actual Fecha de adquisición Número de inventario Total de préstamos Signatura topográfica completa Código de barras Fecha visto por última vez Precio válido a partir de Tipo de ítem Koha
El ejemplar forma parte de la colección y puede ser consultado según las políticas vigentes.       Biblioteca del Museo Franz Mayer (Rogerio Casas-Alatriste) Biblioteca del Museo Franz Mayer (Rogerio Casas-Alatriste) 28/03/2014 Y44   RA774 .R44 1960 (Y44) 8674 22/03/2019 22/03/2019 Libros